00297nam a2200109Ia 4500008004100000082001700041100001800058245004500076260003500121300000800156650002300164191201s2019 xx 000 0 und d a615.1068 KUD aKumar, Pawan  0aDrugstore & Business Management 2nd year bR.Narain Pub.aNew Delhic2019 a144 aPharmaceutics - 23